000 00662cam a2200241 4500
001 J95190
008 090401t1998 xxu||||| |||| 00| 0 eng d
035 _a(Sirsi) u89831
041 _aeng
050 _a692.5025
245 _aQuantity surveyors in the public service 1945 to 1980 : a concise directory.
260 _bJames Nisbet
_c1998
300 _a50p. ; 21cm.
350 _a0
520 _aPublished by the compiler for private circulation.
650 _aDIRECTORIES
650 _aPUBLIC SECTOR
650 _aQUANTITY SURVEYORS
690 _aQuantity surveying
_96263
700 _aNisbet, James
_xEditor
942 _n0
948 _c20/11/1998
999 _c97508
_d97508